<?xml version="1.0" encoding="UTF-8"?>
<record
    xmlns:xsi="http://www.w3.org/2001/XMLSchema-instance"
    xsi:schemaLocation="http://www.loc.gov/MARC21/slim http://www.loc.gov/standards/marcxml/schema/MARC21slim.xsd"
    xmlns="http://www.loc.gov/MARC21/slim">

  <leader>03614nam a22004577a 4500</leader>
  <controlfield tag="003">dpl</controlfield>
  <controlfield tag="005">20080925110255.0</controlfield>
  <controlfield tag="007">DVD</controlfield>
  <controlfield tag="008">080925t        xxu||||| |||| 00| 0 eng d</controlfield>
  <datafield tag="010" ind1=" " ind2=" ">
    <subfield code="a">DVD-000672-674 &amp; DVD-004485-4490</subfield>
  </datafield>
  <datafield tag="024" ind1=" " ind2=" ">
    <subfield code="a">YRD 60198</subfield>
    <subfield code="c">399.00, 149.00 Revised Price</subfield>
  </datafield>
  <datafield tag="035" ind1=" " ind2=" ">
    <subfield code="a">DVD-000672-674</subfield>
  </datafield>
  <datafield tag="035" ind1=" " ind2=" ">
    <subfield code="a">DVD-004485-4490</subfield>
  </datafield>
  <datafield tag="040" ind1=" " ind2=" ">
    <subfield code="a">DVD</subfield>
    <subfield code="c">DPL</subfield>
  </datafield>
  <datafield tag="082" ind1=" " ind2=" ">
    <subfield code="a">DVD / CHAK</subfield>
  </datafield>
  <datafield tag="245" ind1=" " ind2=" ">
    <subfield code="a">Chak de India</subfield>
    <subfield code="c">Yas Chopra Presents</subfield>
    <subfield code="h">[videorecording] DVD/</subfield>
  </datafield>
  <datafield tag="260" ind1=" " ind2=" ">
    <subfield code="a">Mumbai</subfield>
    <subfield code="b">Yash Raj Films Pvt. Ltd.,</subfield>
  </datafield>
  <datafield tag="300" ind1=" " ind2=" ">
    <subfield code="a">2 Videodisc  DVD;(152 min.)</subfield>
    <subfield code="b">sd., col.;</subfield>
    <subfield code="c">4 3/4 in.</subfield>
    <subfield code="f">DVD</subfield>
  </datafield>
  <datafield tag="440" ind1=" " ind2=" ">
    <subfield code="a">Yash Raj Films</subfield>
  </datafield>
  <datafield tag="500" ind1=" " ind2=" ">
    <subfield code="a">Disc.2: Special Features- The Making of the Film- Music Videos a) Kuch Kariyo b) Ek Hockey Doongi Rakhke; Theatrical Trailor &amp; Promos- Phto Gallery a) Posters b) Working stills c) Player Profiles</subfield>
  </datafield>
  <datafield tag="500" ind1=" " ind2=" ">
    <subfield code="a">Chek De India is the  story of coach's fight of making his team, Team India by overcoming their diverse backgrounds by learning to use everything that lifehurls on them as a secret weapon. It is story about honesty, sincerity and integrity.  A story to remind the nation of its National sport.</subfield>
  </datafield>
  <datafield tag="538" ind1=" " ind2=" ">
    <subfield code="a">Anamorphic Widescreen Presentation 16.9; Aspect Ratio 2.35:1; Optional Subtitles in 7 languages;Int. English/Arabic/Spanish/Dutch/Portugese Ind: Tamil/Malaylam ; Dolby Digital Sound, 5.1; Optional Stereo Soun    d</subfield>
  </datafield>
  <datafield tag="650" ind1=" " ind2=" ">
    <subfield code="a">Motion Picture</subfield>
  </datafield>
  <datafield tag="700" ind1=" " ind2=" ">
    <subfield code="a">Amin, Shimit</subfield>
  </datafield>
  <datafield tag="700" ind1=" " ind2=" ">
    <subfield code="a">Shahruf Khan</subfield>
  </datafield>
  <datafield tag="700" ind1=" " ind2=" ">
    <subfield code="a">Chopra, Aditya</subfield>
  </datafield>
  <datafield tag="700" ind1=" " ind2=" ">
    <subfield code="a">Sulaman, Salim</subfield>
  </datafield>
  <datafield tag="700" ind1=" " ind2=" ">
    <subfield code="a">Sahni, Jaideep</subfield>
  </datafield>
  <datafield tag="942" ind1=" " ind2=" ">
    <subfield code="2">ddc</subfield>
    <subfield code="c">CF</subfield>
    <subfield code="h">DVD</subfield>
    <subfield code="m">CHAK</subfield>
  </datafield>
  <datafield tag="999" ind1=" " ind2=" ">
    <subfield code="c">15681</subfield>
    <subfield code="d">15681</subfield>
  </datafield>
  <datafield tag="952" ind1=" " ind2=" ">
    <subfield code="0">0</subfield>
    <subfield code="1">0</subfield>
    <subfield code="2">ddc</subfield>
    <subfield code="4">0</subfield>
    <subfield code="7">0</subfield>
    <subfield code="a">L</subfield>
    <subfield code="b">L</subfield>
    <subfield code="d">2008-09-25</subfield>
    <subfield code="e">Purchase</subfield>
    <subfield code="g">399.00</subfield>
    <subfield code="l">52</subfield>
    <subfield code="m">1</subfield>
    <subfield code="o">DVD CHAK</subfield>
    <subfield code="p">DVD-000672</subfield>
    <subfield code="r">2016-09-28 00:00:00</subfield>
    <subfield code="s">2016-09-12</subfield>
    <subfield code="t">1</subfield>
    <subfield code="v">399.00</subfield>
    <subfield code="w">2008-09-25</subfield>
    <subfield code="y">CF</subfield>
  </datafield>
  <datafield tag="952" ind1=" " ind2=" ">
    <subfield code="0">0</subfield>
    <subfield code="1">0</subfield>
    <subfield code="2">ddc</subfield>
    <subfield code="4">0</subfield>
    <subfield code="7">0</subfield>
    <subfield code="a">ZLS</subfield>
    <subfield code="b">ZLS</subfield>
    <subfield code="d">2008-09-25</subfield>
    <subfield code="e">Purchase</subfield>
    <subfield code="g">399.00</subfield>
    <subfield code="l">45</subfield>
    <subfield code="m">1</subfield>
    <subfield code="o">DVD CHAK</subfield>
    <subfield code="p">DVD-000673</subfield>
    <subfield code="r">2017-05-09 00:00:00</subfield>
    <subfield code="s">2017-04-22</subfield>
    <subfield code="t">1</subfield>
    <subfield code="v">399.00</subfield>
    <subfield code="w">2008-09-25</subfield>
    <subfield code="y">CF</subfield>
  </datafield>
  <datafield tag="952" ind1=" " ind2=" ">
    <subfield code="0">0</subfield>
    <subfield code="1">0</subfield>
    <subfield code="2">ddc</subfield>
    <subfield code="4">0</subfield>
    <subfield code="7">0</subfield>
    <subfield code="a">BL1</subfield>
    <subfield code="b">BL1</subfield>
    <subfield code="d">2008-09-25</subfield>
    <subfield code="e">Purchase</subfield>
    <subfield code="g">399.00</subfield>
    <subfield code="l">31</subfield>
    <subfield code="o">DVD CHAK</subfield>
    <subfield code="p">DVD-000674</subfield>
    <subfield code="r">2013-06-14 00:00:00</subfield>
    <subfield code="s">2013-06-08</subfield>
    <subfield code="t">1</subfield>
    <subfield code="v">399.00</subfield>
    <subfield code="w">2008-09-25</subfield>
    <subfield code="y">CF</subfield>
  </datafield>
  <datafield tag="952" ind1=" " ind2=" ">
    <subfield code="0">0</subfield>
    <subfield code="1">0</subfield>
    <subfield code="2">ddc</subfield>
    <subfield code="4">0</subfield>
    <subfield code="7">0</subfield>
    <subfield code="a">JP</subfield>
    <subfield code="b">JP</subfield>
    <subfield code="d">2009-11-12</subfield>
    <subfield code="e">Pioneers/885/29-10-09/325/13-10-09 /06-11-09 </subfield>
    <subfield code="g">149.00</subfield>
    <subfield code="l">13</subfield>
    <subfield code="m">1</subfield>
    <subfield code="o">DVD CHAK</subfield>
    <subfield code="p">DVD-004485</subfield>
    <subfield code="r">2012-06-06 00:00:00</subfield>
    <subfield code="s">2012-05-23</subfield>
    <subfield code="t">1</subfield>
    <subfield code="v">149.00</subfield>
    <subfield code="w">2009-11-12</subfield>
    <subfield code="y">CF</subfield>
  </datafield>
  <datafield tag="952" ind1=" " ind2=" ">
    <subfield code="0">0</subfield>
    <subfield code="1">0</subfield>
    <subfield code="2">ddc</subfield>
    <subfield code="4">0</subfield>
    <subfield code="7">0</subfield>
    <subfield code="a">RKP</subfield>
    <subfield code="b">RKP</subfield>
    <subfield code="d">2009-11-12</subfield>
    <subfield code="e">Pioneers/885/29-10-09/325/13-10-09 /06-11-09 </subfield>
    <subfield code="g">149.00</subfield>
    <subfield code="l">4</subfield>
    <subfield code="m">1</subfield>
    <subfield code="o">DVD CHAK</subfield>
    <subfield code="p">DVD-004486</subfield>
    <subfield code="r">2011-08-26 00:00:00</subfield>
    <subfield code="s">2011-08-12</subfield>
    <subfield code="t">1</subfield>
    <subfield code="v">149.00</subfield>
    <subfield code="w">2009-11-12</subfield>
    <subfield code="y">CF</subfield>
  </datafield>
  <datafield tag="952" ind1=" " ind2=" ">
    <subfield code="0">0</subfield>
    <subfield code="1">0</subfield>
    <subfield code="2">ddc</subfield>
    <subfield code="4">0</subfield>
    <subfield code="7">0</subfield>
    <subfield code="a">VP</subfield>
    <subfield code="b">VP</subfield>
    <subfield code="d">2009-11-12</subfield>
    <subfield code="e">Pioneers/885/29-10-09/325/13-10-09 /06-11-09 </subfield>
    <subfield code="g">149.00</subfield>
    <subfield code="l">11</subfield>
    <subfield code="o">DVD CHAK</subfield>
    <subfield code="p">DVD-004487</subfield>
    <subfield code="r">2013-11-22 00:00:00</subfield>
    <subfield code="s">2013-11-07</subfield>
    <subfield code="t">1</subfield>
    <subfield code="v">149.00</subfield>
    <subfield code="w">2009-11-12</subfield>
    <subfield code="y">CF</subfield>
  </datafield>
  <datafield tag="952" ind1=" " ind2=" ">
    <subfield code="0">0</subfield>
    <subfield code="1">0</subfield>
    <subfield code="2">ddc</subfield>
    <subfield code="4">0</subfield>
    <subfield code="7">0</subfield>
    <subfield code="a">BL3</subfield>
    <subfield code="b">BL3</subfield>
    <subfield code="d">2009-11-12</subfield>
    <subfield code="e">Pioneers/885/29-10-09/325/13-10-09 /06-11-09 </subfield>
    <subfield code="g">149.00</subfield>
    <subfield code="l">10</subfield>
    <subfield code="o">DVD CHAK</subfield>
    <subfield code="p">DVD-004488</subfield>
    <subfield code="r">2011-08-24 00:00:00</subfield>
    <subfield code="s">2011-08-08</subfield>
    <subfield code="t">1</subfield>
    <subfield code="v">149.00</subfield>
    <subfield code="w">2009-11-12</subfield>
    <subfield code="y">CF</subfield>
  </datafield>
  <datafield tag="952" ind1=" " ind2=" ">
    <subfield code="0">0</subfield>
    <subfield code="1">0</subfield>
    <subfield code="2">ddc</subfield>
    <subfield code="4">0</subfield>
    <subfield code="7">0</subfield>
    <subfield code="a">NR</subfield>
    <subfield code="b">NR</subfield>
    <subfield code="d">2009-11-12</subfield>
    <subfield code="e">Pioneers/885/29-10-09/325/13-10-09 /06-11-09 </subfield>
    <subfield code="g">149.00</subfield>
    <subfield code="l">7</subfield>
    <subfield code="o">DVD CHAK</subfield>
    <subfield code="p">DVD-004489</subfield>
    <subfield code="r">2011-12-29 00:00:00</subfield>
    <subfield code="s">2011-12-08</subfield>
    <subfield code="t">1</subfield>
    <subfield code="v">149.00</subfield>
    <subfield code="w">2009-11-12</subfield>
    <subfield code="y">CF</subfield>
  </datafield>
  <datafield tag="952" ind1=" " ind2=" ">
    <subfield code="0">0</subfield>
    <subfield code="1">0</subfield>
    <subfield code="2">ddc</subfield>
    <subfield code="4">0</subfield>
    <subfield code="7">0</subfield>
    <subfield code="a">BL4</subfield>
    <subfield code="b">BL4</subfield>
    <subfield code="d">2009-11-12</subfield>
    <subfield code="e">Pioneers/885/29-10-09/325/13-10-09 /06-11-09 </subfield>
    <subfield code="g">149.00</subfield>
    <subfield code="l">0</subfield>
    <subfield code="o">DVD CHAK</subfield>
    <subfield code="p">DVD-004490</subfield>
    <subfield code="r">2009-11-12 00:00:00</subfield>
    <subfield code="t">1</subfield>
    <subfield code="v">149.00</subfield>
    <subfield code="w">2009-11-12</subfield>
    <subfield code="y">CF</subfield>
  </datafield>
</record>
